000 00551nam a2200205Ia 4500
008 170203s9999 xx 000 0 und d
020 _a0 717285626
050 _a0 30
050 _bG875 1999
100 _aAppleby,Pauline.
245 _aOrganising a Conference :
245 _bHow to plan and run an outstanding and effective event /
250 _aDeluxe edtion.
260 _aHongkong : 
260 _bGrolier International Inc.
260 _c1999
300 _a124 pages :
300 _c24 cm.
440 _aGrolier Business Library.
999 _c305879
_d305879